| 000 | 00540nam a22001937a 4500 | ||
|---|---|---|---|
| 999 |
_c3111 _d3111 |
||
| 003 | URS | ||
| 005 | 20220114152448.0 | ||
| 008 | 190712s1996 a|||| |||| 00| 0 eng d | ||
| 020 | _a0256139008 | ||
| 040 |
_cURS _beng _drda |
||
| 050 | 1 | 4 |
_aTS 155 _b.S8471 1996 |
| 100 | _aStevenson,William J. | ||
| 245 | 1 | 0 |
_aProduction/operation management/ _cWilliam J. Stevenson |
| 250 | _aFith Edition | ||
| 260 |
_aBoston: _bErwin McGraw-Hill; _c[996] |
||
| 300 |
_a891 pages _bwith illustrations _c29 cm |
||
| 504 | _aIncludes Index | ||
| 942 |
_2lcc _cFR |
||